El codiciado Istmo de Tehuantepec /

Estudio sobre las tensiones y conflictos de la relación bilateral México-Estados Unidos en torno al Istmo de Tehuantepec, Oaxaca, desde que el artículo VIII del Tratado de La Mesilla (1853) concediera a los estadounidenses libre paso por la región hasta la anulación de dicho inciso mediante el Trata...

ver descrição completa

Na minha lista:
Detalhes bibliográficos
Autor principal: González Ramírez, Manuel (autor)
Formato: Livro
Idioma:espanhol
Publicado em: México : Departamento del Distrito Federal, 1973, c1973
Colecção:(Metropolitana ; 18)
Assuntos:
Tags: Adicionar Tag
Sem tags, seja o primeiro a adicionar uma tag!

MARC

LEADER 00000nam^a2200000^a^4500
001 000095687
005 20250521000000.0
009 20260310092918.12
037 |a Acervo ITESO - Biblioteca 
041 |a ESP 
082 |a 972. 747  |b GON 
100 |a González Ramírez, Manuel  |e (autor) 
245 1 3 |a El codiciado Istmo de Tehuantepec /  |c M. González Ramírez. 
264 4 |a México :  |b Departamento del Distrito Federal,  |c 1973, c1973 
300 |a 143 p. 
336 |a texto  |b txt  |2 rdacontenido 
337 |a sin mediación  |b n  |2 rdamedio 
338 |a volumen  |b nc  |2 rdasoporte 
440 1 |a (Metropolitana ;  |v 18) 
520 |a Estudio sobre las tensiones y conflictos de la relación bilateral México-Estados Unidos en torno al Istmo de Tehuantepec, Oaxaca, desde que el artículo VIII del Tratado de La Mesilla (1853) concediera a los estadounidenses libre paso por la región hasta la anulación de dicho inciso mediante el Tratado de Washington (1937). 
649 |a XX 
650 |a Tratados Internacionales -  |z México-EUA -  |x Historia 
650 |a Relaciones Internacionales -  |z México-EUA -  |x Historia 
650 |a Tehuantepec (Istmo) -  |x Historia -  |x Tema Principal 
650 |a Oaxaca -  |x Historia 
650 |a México -  |x Historia 
910 |a Fondo Jesús Rodríguez 
920 |a Impresos - Libros 
930 |a Fondos Especiales 
905 |a 113 
901 |a 0500030616  |b IT2  |c ESP  |u 20250521 
902 |a https://opac.biblio.iteso.mx/vufind/Record/000095687